02027nam a2200265Ia 4500952011100000952009800111999001700209008004100226020001500267050001700282100002300299245016000322260004800482300001800530500014100548504003000689505076400719519007001483519004401553650004901597650003301646700003101679700003901710942001201749 00104070a25b25d2009-09-24l22oTS156 K4518 2000p06 000663r2019-10-26s2019-10-26t1w2012-06-26yLB 00102lcc4070a20b20d2019-07-19l0oTS156 K4518p20 001291r2019-07-19t1w2019-07-19yLB c65278d65278120626s2000 mx 000 0 s d a9706860274 aTS156bK4518 aKenett, Roneautor aEstadística industrial modernab : diseño y control de la calidad y la confiabilidadc / Ron Kenett, Shelemyahu Zacks; Traductor Virgilio Gonzalez Pozo aMéxicob : International Thomsonc , 2000 a821 páginas aIncluye: Contenido abreviado palabras preliminares Prefacio Tabla de contenido Apéndice (I-X) Índice de autores Índice de materias aReferencias (pp. 542-546) aPrincipios del razonamiento y análisis estadístico El papel de los métodos estadísticos en la industria moderna. Qué es la variabilidad. Variabilidad en diversas dimensiones. Modelos básicos de probabilidad y funciones de distribución. muestreo para estimar las cantidades en poblaciones finitas. Inferencia estadística paramétrica. Inferencia libre de distribución. Regresión lineal múltiple y análisis de varianza. Métodos de estadística industrial. Planes de muestreo para inspección de producto. Métodos y principios básicos del control estadístico de proceso. Métodos avanzados de control estadístico de proceso. Diseño y análisis clásico de experimentos. Calidad por diseño. Análisis de confiabilidad. aMaterial Complementario /bIngeniería Industrial /d(06 000663) aMaterial Complementario / d(20 001291) aCONTROL DE CALIDADxMÉTODOS ESTADÍSTICOS aCONFIABILIDAD xINGENIERÍA aZacks, Shelemyahuecoautor aGonzalez Pozo, Virgilioetraductor cLB2lcc